Un país sin alma /
La "Coordinadora Nacional por el Derecho a la Vida", convocó el pasado diciembre de 1990 a una marcha por la capital panameña para demostrar fuerza. Los trabajadores solicitaban: cese a los despidos masivos, respeto al fuero sindical y maternal, alto a la acelerada privatización, restaurac...
Uloženo v:
| Hlavní autor: | |
|---|---|
| Médium: | Text |
| Jazyk: | Spanish |
| Témata: | |
| Tagy: |
Přidat tag
Žádné tagy, Buďte první, kdo vytvoří štítek k tomuto záznamu!
|
MARC
| LEADER | 00000 a a2200000 04500 | ||
|---|---|---|---|
| 001 | 12364 | ||
| 003 | cru IIS | ||
| 005 | 20220915153107.0 | ||
| 008 | 220915b |||||||| |||| 00| 0 spa d | ||
| 040 | |c cru IIS | ||
| 100 | |a Leis R, Raúl Alberto | ||
| 245 | |a Un país sin alma / |c Raúl Alberto Leis R | ||
| 520 | |a La "Coordinadora Nacional por el Derecho a la Vida", convocó el pasado diciembre de 1990 a una marcha por la capital panameña para demostrar fuerza. Los trabajadores solicitaban: cese a los despidos masivos, respeto al fuero sindical y maternal, alto a la acelerada privatización, restauración del décimo tercer mes (suspendido por Endara). La debilidad gubernamental y su impopularidad quedó manifestada cuando Endara recurrió a maniobras políticas para frenar el movimiento, solicitando la intervención del Comando Sur que, en una acción militar reprimió al movimiento. A casi dos años de la invasión norteamericana no se sabe con certeza el número de víctimas, Estados Unidos asegura que fueron 300 personas, en su mayoría militares |a pero la Comisión Ramsey Clark estima que la cifra ascendería a las 7.000 víctimas, sepultados en fosas comunes situadas en áreas de control militar. Estados Unidos ha dado ayuda económica suficiente a Panamá ( |6 .000 millones |a lo más triste de todo es que el ejército, aclamado como liberador, se encargó de abrirle los ojos al pueblo y le hizo ver que Panamá es un país ocupado, sin soberanía y sin ella "una nación no tiene alma". VJ/MR | ||
| 650 | |a DESEMPLEO | ||
| 650 | |a POBREZA | ||
| 650 | |a INTERVENCION EXTRANJERA | ||
| 650 | |a GASTOS MILITARES | ||
| 650 | |a RELACIONES NORTE |z -SUR | ||
| 650 | |a IMPERIALISMO | ||
| 650 | |a RECESION ECONOMICA | ||
| 650 | |a DEUDA EXTERNA | ||
| 650 | |a AYUDA ECONOMICA | ||
| 773 | |g volumen 9, número 77; páginas 25-26 | ||
| 773 | 0 | |0 43109 |9 4930 |a Coodinadora Regional de Investigaciones Económicas y Sociales |d Managua, Nicaragua: CRIES, 1982- |o 22348 |t Pensamiento Propio / | |
| 942 | |2 ddc |c PP | ||
| 999 | |c 26948 |d 26948 | ||
